000 00625nam a2200241Ia 4500
003 OSt
005 20221007111105.0
006 a|||||r|||| 00| 0
007 ta
008 221006b |||||||| |||| 00| 0 eng d
024 _a22,544
037 _cTextual
040 _aLCO
_cLCO
_beng
041 _2eng
_aeng
082 _aX724qN61, L2
100 _aRajendra Kumar
245 0 _aGuide to Income Tax Act, 1961
260 _aAllahabad
_bCentral Law Agency India
_c1972
300 _a135+xv
650 _aINCOME TAX
942 _hX724qN61, L2
_cTEXL
999 _c1192107
_d1192107